000 00434nam a2200181Ia 4500
001 25349
005 20260414151144.0
008 260414t2016||||xx |||||||||||||| ||spa||
041 _aESP
082 _a346.5
_bC35
100 _aCastro y Bravo, Federico de
_eAUT
245 0 _aEl negocio jurídico
_b
260 _c2016
300 _axxxii, 550 páginas :
_c24 cm.
650 _aDER
654 _aCDE
942 _cLIB
_dJUS
_fJUS
_2ddc
_n
999 _c25349
_d25349